000 00685nam a22002057a 4500
003 OSt
005 20240703083704.0
008 240703b |||||||| |||| 00| 0 eng d
020 _a978-621-416-034-1
040 _aDWC- Main Lib
_cOC
082 _aFil. 657.45 C117c 2018
100 _aCabrera, Ma. Elenita B.
245 _aCPA examination reviewer in auditing theory. /
_cMa. Elenita B Cabrera.
250 _a2018 edition
260 _aManila, Philippines:
_bGIC Enterprises & CO., Inc.
_cc2018.
300 _avarious pages :
_billustrations ;
_c23cm.
504 _aIncludes bibliographic references.
650 _a1. Auditing- Problems, exercise etc.
942 _2ddc
_cBK - FIL
_n1
999 _c1894
_d1894